000
00374nam a2200181Ia 4500
100
_a
Misra/S.P/ Pandey/S/N
650
_a
Environment
250
_a
4
942
_c
BK
366
_f
27
654
_a
envrionment
245
_a
Essential environmental studies
260
_b
#N/A
_c
2016
082
_b
MIS
300
_a
790
546
_a
ENGLISH
_c
Computers
999
_c
24595
_d
24595